[Event "Sparkassen Open"]
[Site "Dortmund GER"]
[Date "2008.07.06"]
[Round "9"]
[White "Izrailev,A"]
[Black "Schlierkamp,F"]
[Result "1-0"]
[WhiteElo "2309"]
[BlackElo "2192"]

1.e4 c5 2.Nf3 d6 3.d4 cxd4 4.Nxd4 Nf6 5.Nc3 a6 6.Be3 e6 7.Qd2 b5 8.f3 Be7
9.g4 Nfd7 10.O-O-O Nb6 11.Qf2 Nc4 12.Bxc4 bxc4 13.f4 Qc7 14.g5 Nd7 15.h4 Nc5
16.f5 Bb7 17.Rhf1 e5 18.f6 gxf6 19.Nf5 Bf8 20.Nxd6+ Bxd6 21.Qxf6 O-O 22.Rxd6 Nxe4
23.Nxe4 Bxe4 24.h5  1-0

[Event "World Open"]
[Site "Philadelphia USA"]
[Date "2008.07.06"]
[Round "9"]
[White "Akopian,R"]
[Black "Esserman,M"]
[Result "1/2-1/2"]
[WhiteElo "2098"]
[BlackElo "2295"]

1.e4 c5 2.Nf3 d6 3.d4 cxd4 4.Nxd4 Nf6 5.Nc3 a6 6.Be3 Ng4 7.Bg5 h6 8.Bh4 g5
9.Bg3 Bg7 10.h3 Ne5 11.f3 h5 12.Qd2 Nbc6 13.Bf2 Rb8 14.O-O-O Bd7 15.Kb1 Ng6
16.Bc4 e6 17.Bb3 Nce5 18.Nde2 Bf8 19.Be3 Be7 20.Rhf1 b5 21.f4 gxf4 22.Nxf4 b4
23.Nce2 a5 24.Nxg6 Nxg6 25.Nf4 Ne5 26.Nd3 Ng6 27.Qf2 Rh7 28.Nf4 Nxf4 29.Bxf4 Bb5
30.Qg3 Rh8 31.Rfe1 Bh4 32.Qg7 Bf6 33.Qg3 Bh4  1/2-1/2

[Event "5th Sth Wales Int"]
[Site "Trefforst WLS"]
[Date "2008.07.08"]
[Round "6"]
[White "Haslinger,S"]
[Black "Eggleston,D"]
[Result "0-1"]
[WhiteElo "2511"]
[BlackElo "2372"]

1.e4 c5 2.Nf3 d6 3.d4 cxd4 4.Nxd4 Nf6 5.Nc3 a6 6.Be3 e5 7.Nb3 Be6 8.f4 exf4
9.Bxf4 Nc6 10.Qe2 Be7 11.h3 Nd7 12.O-O-O Nce5 13.g4 O-O 14.Kb1 Rc8 15.Qe1 Qb6
16.Be3 Qc7 17.Nd4 Nc4 18.Bxc4 Qxc4 19.g5 Rfe8 20.Qd2 Bf8 21.Nf5 Nc5 22.Bxc5 Qxc5
23.Ne3 Qxg5 24.h4 Qe5 25.h5 h6 26.Rdf1 Be7 27.Nf5 Bf6 28.Rhg1 Kh7 29.Rf3 d5
30.Nxg7 Bxg7 31.exd5 Rcd8 32.Re3 Qf6 33.Reg3 Bh8 34.Re1 Rxd5 35.Qg2 Rg5 36.Qe4+ Kg8
37.Rxg5+ hxg5 38.Qxb7 Bxa2+ 39.Kxa2 Rxe1 40.Qb8+ Kh7  0-1

[Event "Maestro Open"]
[Site "Berdsk RUS"]
[Date "2008.07.09"]
[Round "2"]
[White "Vorontsov,V"]
[Black "Pushilin,A"]
[Result "0-1"]
[WhiteElo "2013"]
[BlackElo "2169"]

1.e4 c5 2.Nf3 d6 3.d4 cxd4 4.Nxd4 Nf6 5.Nc3 a6 6.Be3 e6 7.f3 b5 8.Qd2 Bb7
9.g4 Nfd7 10.Bg2 Ne5 11.b3 Nbd7 12.g5 Nc5 13.b4 Nc4 14.Qe2 Nd7 15.f4 Rc8
16.Rb1 e5 17.fxe5 dxe5 18.Nf5 g6 19.Nh6 Bxh6 20.gxh6 Nxe3 21.Qxe3 Qh4+ 22.Kd2 O-O
23.Rb3 Rc4 24.h3 Rd4+ 25.Kc1 Nb6 26.Ne2 Nc4 27.Qg3 Qxh6+  0-1

[Event "FSIM July"]
[Site "Budapest HUN"]
[Date "2008.07.09"]
[Round "5"]
[White "Farago,S"]
[Black "Van den Heever,D"]
[Result "1-0"]
[WhiteElo "2271"]
[BlackElo "2225"]

1.e4 c5 2.Nf3 d6 3.d4 cxd4 4.Nxd4 Nf6 5.Nc3 a6 6.Be3 e5 7.Nb3 Be7 8.Be2 O-O
9.g4 Be6 10.g5 Nfd7 11.h4 Nb6 12.Nd5 Nxd5 13.exd5 Bf5 14.Qd2 a5 15.a4 Qc7
16.Bd3 Bxd3 17.Qxd3 f5 18.gxf6 Bxf6 19.O-O-O Rc8 20.Nd2 Nd7 21.Ne4 b5 22.axb5 a4
23.Rdg1 a3 24.b3 Kh8 25.Kd2 a2 26.h5 Qa5+ 27.Ke2 Qa3 28.Ra1 Qb2 29.Rhc1 Be7
30.h6 g6 31.b6 Rab8 32.f4 Kg8 33.Nd2 exf4 34.Bd4 Qa3 35.Nc4 Qa6 36.Kf3 Re8
37.Re1 Bf6 38.Re6 Rxe6 39.dxe6 Qb7+ 40.Kf2 Bh4+ 41.Kg1 Nf8 42.Bb2 Nxe6 43.Qc3 Qd7
44.Qh8+ Kf7 45.Qxb8 Be7 46.Rd1 Nd4 47.Rxd4 Qg4+ 48.Kf1 Qf3+ 49.Ke1 Bh4+ 50.Kd2 Qg2+
51.Kc1  1-0

[Event "Maestro Open"]
[Site "Berdsk RUS"]
[Date "2008.07.10"]
[Round "3"]
[White "Vasilyev,I"]
[Black "Iksanov,I"]
[Result "1-0"]
[WhiteElo "1781"]
[BlackElo "2132"]

1.e4 c5 2.Nf3 d6 3.d4 cxd4 4.Nxd4 Nf6 5.Nc3 a6 6.Be3 e5 7.Nb3 Be7 8.Qd2 Be6
9.Be2 Qc7 10.f3 Nc6 11.g4 h6 12.h4 Nh7 13.g5 hxg5 14.hxg5 O-O-O 15.O-O-O Bxb3
16.cxb3 Nd4 17.Kb1 Kb8 18.Bxd4 exd4 19.Qxd4 Bxg5 20.Nd5 Qc5 21.Qxg7 Rc8 22.Qc3 Qf2
23.Qd3 Rc6 24.Qd4 Qxe2 25.Qxh8+ Rc8 26.Qxh7 Qc2+ 27.Ka1 Bc1 28.Qg7 b5 29.Nb4 Qe2
30.Rxc1 Rxc1+ 31.Rxc1 Qd2 32.Qc3 Qxc3 33.Rxc3 a5 34.Nd5 b4 35.Rc6 a4 36.bxa4 b3
37.axb3 f5 38.exf5 Kb7 39.Rxd6 Ka7  1-0

[Event "XXIII Tadeusz Gniota Mem"]
[Site "Police POL"]
[Date "2008.07.10"]
[Round "2"]
[White "Chlost,M"]
[Black "Czuchnicki,A"]
[Result "1-0"]
[WhiteElo "2131"]
[BlackElo "2101"]

1.e4 c5 2.Nf3 d6 3.d4 Nf6 4.Nc3 cxd4 5.Nxd4 a6 6.Be3 e6 7.f3 b5 8.Qd2 Nbd7
9.g4 Nb6 10.a4 Nc4 11.Bxc4 bxc4 12.a5 Qc7 13.Na4 Nd7 14.Ne2 Be7 15.g5 Bb7
16.Nb6 Nxb6 17.Bxb6 Qd7 18.O-O-O O-O 19.Rhg1 Rac8 20.Qc3 Rfe8 21.h4 Qa4 22.Kb1 d5
23.Qe5 Bc5 24.Nf4 g6 25.h5 c3 26.h6 Kf8 27.Bxc5+ Rxc5 28.Qd6+ Kg8 29.Qxc5 cxb2
30.Kxb2 Rc8 31.Rd4 Qd7 32.Qb4 Qc7 33.Qd2 Qc5 34.Nh3 e5 35.Rd3 Rc7 36.Rb3  1-0

[Event "19th Czech Oce Open"]
[Site "Pardubice CZE"]
[Date "2008.07.12"]
[Round "5"]
[White "Gutenev,A"]
[Black "Korinek,O"]
[Result "1/2-1/2"]
[WhiteElo "2280"]
[BlackElo "2252"]

1.e4 c5 2.Nf3 d6 3.d4 cxd4 4.Nxd4 Nf6 5.Nc3 a6 6.Be3 e5 7.Nf3 Be7 8.Bc4 O-O
9.O-O Nc6 10.Bg5 Be6 11.Bb3 Rc8 12.Bxf6 Bxf6 13.Nd5 Bxd5 14.Qxd5 Qc7 15.c3 Na5
16.Rfd1 Rfd8 17.Rd2 g6 18.Rad1 Bg7 19.Ne1 Bh6 20.Rd3 b5 21.Rf3 Nc4 22.Nc2 Qe7
23.Bxc4 bxc4 24.Nb4 Rc5 25.Nc6 Qd7 26.Qxc5 dxc5 27.Rxd7 Rxd7 28.g3 Rd2 29.Nxe5 Rxb2
30.a3 Re2 31.Nxf7 Bg7 32.Nd6 Bf8 33.Nxc4 Rxe4 34.Nb6 Re1+ 35.Kg2 Ra1 36.a4 Bg7
37.Re3 Rc1 38.Nd5 Ra1 39.Nb6 Rc1 40.Nd7 Bxc3 41.Nxc5 Bd4 42.Re8+ Kf7 43.Nb3 Rb1
44.Rb8 Kg7 45.f4 Rb2+ 46.Kf3 Bg1 47.Rb7+ Kg8 48.h3 Ra2 49.a5 Rf2+ 50.Kg4 Re2
51.Kg5 Re6 52.Nd2 Bf2 53.g4 Be3 54.Nc4 Bd4 55.f5 Rc6 56.Rb8+ Kg7 57.Rb7+ Kg8
58.Nb6 Be3+  1/2-1/2

[Event "19th Czech Oce Open"]
[Site "Pardubice CZE"]
[Date "2008.07.13"]
[Round "6"]
[White "Smirnov,P"]
[Black "Rosko,L"]
[Result "1-0"]
[WhiteElo "2592"]
[BlackElo "2387"]

1.e4 c5 2.Nf3 d6 3.d4 cxd4 4.Nxd4 Nf6 5.Nc3 a6 6.Be3 e5 7.Nb3 Be6 8.f3 Nbd7
9.Qd2 Be7 10.O-O-O O-O 11.g4 b5 12.g5 b4 13.Ne2 Nh5 14.Ng3 Nf4 15.h4 a5 16.Kb1 a4
17.Nd4 exd4 18.Bxf4 b3 19.cxb3 axb3 20.a3 Ne5 21.Qxd4 Qa5 22.Nf5 Bxf5 23.exf5 Rfe8
24.Qd5 Qa4 25.Bxe5 Ra5 26.Qd4 Qc6 27.Bc4 Rxe5 28.g6 Rd8 29.Bxf7+ Kh8 30.Qd3 Bf6
31.Rc1 Qb6 32.Rhe1 Rxe1 33.Rxe1 Bxh4 34.Rh1 h6 35.f6 Bxf6 36.Qd2  1-0

[Event "60th ch-MNE"]
[Site "Cetinje MNE"]
[Date "2008.07.14"]
[Round "7"]
[White "Krivokapic,M"]
[Black "Ivanovic,B"]
[Result "1-0"]
[WhiteElo "2421"]
[BlackElo "2436"]

1.e4 c5 2.Nf3 d6 3.d4 cxd4 4.Nxd4 Nf6 5.Nc3 a6 6.Be3 e6 7.Be2 Be7 8.f4 Qc7
9.O-O O-O 10.Kh1 Nc6 11.Qe1 Nxd4 12.Bxd4 b5 13.a3 Bb7 14.Qg3 Rad8 15.Rae1 Rd7
16.Bd3 Re8 17.Re2 Qd8 18.Qh3 g6 19.f5 e5 20.Be3 d5 21.exd5 e4 22.fxg6 hxg6
23.Nxe4 Nh5 24.Nc3 Bf6 25.Ref2 Bxc3 26.bxc3 Bxd5 27.Bd4 Rde7 28.Rf5 Ng7 29.Qh6 f6
30.Rxf6 Qd7 31.Rxg6 Rf8 32.Rxg7+ Rxg7 33.Bh7+  1-0

[Event "XIII Open"]
[Site "Balaguer ESP"]
[Date "2008.07.15"]
[Round "2"]
[White "Soumya,Sw"]
[Black "Aroshidze,L"]
[Result "1-0"]
[WhiteElo "2293"]
[BlackElo "2547"]

1.e4 c5 2.Nf3 d6 3.d4 cxd4 4.Nxd4 Nf6 5.Nc3 a6 6.Be3 e6 7.Qd2 b5 8.f3 Nbd7
9.g4 h6 10.O-O-O b4 11.Na4 Ne5 12.b3 Bd7 13.Nb2 d5 14.g5 hxg5 15.Bxg5 dxe4
16.f4 Nc6 17.Nc4 Bc5 18.Ne2 e3 19.Qd3 Bc8 20.Qxd8+ Nxd8 21.Bg2 Ra7 22.Ng3 Bb7
23.Bxb7 Nxb7 24.f5 Nd5 25.fxe6 fxe6 26.Ne4 Rh3 27.Nxc5 Nxc5 28.Rde1 Ne4 29.Bxe3 Nxe3
30.Nxe3 Rd7 31.Nc4 Rh4 32.Re3 Ke7 33.Ne5 Kd6 34.Nxd7 Kxd7 35.Rd1+ Ke8  1-0

[Event "Inautomarket Open"]
[Site "Minsk BLR"]
[Date "2008.07.16"]
[Round "7"]
[White "Lintchevski,D"]
[Black "Kopyl,A"]
[Result "1/2-1/2"]
[WhiteElo "2506"]
[BlackElo "2262"]

1.e4 c5 2.Nf3 d6 3.d4 Nf6 4.Nc3 cxd4 5.Nxd4 a6 6.Be3 b5 7.a4 bxa4 8.Rxa4 e6
9.g3 Bb7 10.Bg2 Qc7 11.O-O Be7 12.Rb4 Nfd7 13.Qg4 O-O 14.Nxe6 fxe6 15.Qxe6+ Rf7
16.Nd5 Bxd5 17.Qxd5 Nc6 18.Rc4 Rc8 19.Rc3 Bf6 20.e5 Ndxe5 21.Bf4 Qd7 22.Ra1 a5
23.Bxe5 Nxe5 24.Rxc8+ Qxc8 25.Rxa5 Bd8 26.Ra8 Qc7 27.Qb7 Rf8 28.Bd5+ Nf7
29.Qxc7 Bxc7 30.Ra7 Bb6 31.Rb7 Bd4 32.c3 Bf6 33.Rd7 g5 34.Rxd6 Rd8 35.Rxd8+ Bxd8
36.Kf1 Kg7 37.Ke2 Kf6 38.b4 Be7 39.h3 h5 40.Bf3 Kg6 41.Kd3  1/2-1/2

[Event "19th Czech Chladek & Tintera A Open"]
[Site "Pardubice CZE"]
[Date "2008.07.18"]
[Round "1"]
[White "Palecek,P"]
[Black "Ibrayev,N"]
[Result "0-1"]
[WhiteElo "2285"]
[BlackElo "2518"]

1.e4 c5 2.Nf3 d6 3.d4 cxd4 4.Nxd4 Nf6 5.Nc3 a6 6.Be3 e6 7.Be2 Nbd7 8.f4 b5
9.Bf3 Bb7 10.a3 Rc8 11.O-O Rc4 12.Be2 Rc7 13.a4 b4 14.Na2 Nxe4 15.Nxb4 Qa8
16.a5 Be7 17.c3 O-O 18.Bf3 g6 19.Qe2 Ndc5 20.Ra3 Rb8 21.Ndc2 Nf6 22.Bxb7 Rbxb7
23.Bd4 Rc8 24.Ne3 d5 25.f5 gxf5 26.Bxf6 Bxf6 27.Nexd5 exd5 28.Nxd5 Bg7 29.Ne7+ Rxe7
30.Qxe7 Qe4 31.Qg5 Nd3 32.Qxf5 Qxf5 33.Rxf5 Nxb2 34.Rf3 Nd1 35.Rb3 Nxc3 36.Rb7 Rf8
37.Rc7 Nb5 38.Rd7 Be5 39.Rf5 Bc3 40.Rg5+ Kh8 41.Rf5 Kg7 42.g4 h6 43.Kg2 Bxa5
44.h4 Bc3 45.g5 hxg5 46.Rxg5+ Kh6 47.Rb7 Ba5 48.Rc5 Kg7 49.Rc6 Ra8 50.h5 Bd2
51.Rbb6 Rh8 52.Rxa6 Rxh5 53.Rc4 f6 54.Rb6 Rd5 55.Rg4+ Bg5 56.Rc4 Kg6 57.Rc2 Nd4
58.Ra2 Nf5 59.Rb3 Rd1 60.Rb8 Rd3 61.Rb6 Nh4+ 62.Kf1 Kh5 63.Rba6 f5 64.R6a3 Rd1+
65.Ke2 Rh1 66.Ra8 f4 67.R2a5 Rh2+ 68.Kf1 Kg4 69.Rg8 Nf3 70.Rb5 Ra2 71.Rc5 Nd2+
72.Kg1 Nf3+ 73.Kf1 Kg3 74.Rcxg5+ Nxg5 75.Rxg5+ Kf3 76.Kg1 Ra1+ 77.Kh2 Kf2
78.Rg2+ Ke3 79.Rb2 Re1 80.Rb8 f3 81.Rb3+ Kf2 82.Ra3 Re8 83.Ra2+ Re2 84.Ra1 Re7
85.Ra2+ Re2 86.Ra1 Rd2 87.Rb1 Ra2 88.Rb3 Ke2 89.Rb8 f2 90.Re8+ Kf1 91.Re7 Ra8
92.Rh7 Re8 93.Rh3 Ke1  0-1

[Event "Ch-AY Boys U16"]
[Site "Tehran IRI"]
[Date "2008.07.18"]
[Round "4"]
[White "Nitin,S"]
[Black "Kottahachchy,K"]
[Result "1-0"]
[WhiteElo "2303"]
[BlackElo "1967"]

1.e4 c5 2.Nf3 d6 3.d4 cxd4 4.Nxd4 Nf6 5.Nc3 a6 6.Be3 e5 7.Nb3 Be6 8.f3 Be7
9.Qd2 O-O 10.O-O-O Nbd7 11.g4 b5 12.g5 Nh5 13.Nd5 Bxd5 14.exd5 f5 15.gxf6 Rxf6
16.Kb1 Nf4 17.Na5 Qe8 18.Nc6 Bd8 19.c4 bxc4 20.Bxc4 Bb6 21.Bxb6 Nxb6 22.Bb3 Nd7
23.Ka1 Nc5 24.Bc2 Rf7 25.b4 Nd7 26.Rhe1 Nf6 27.Bb3 Rb7 28.Rc1 Rc7 29.Rc4 Qh5
30.Nxe5 Rxc4 31.Nxc4 Qxf3 32.Nxd6 Kh8 33.Re3 Qh1+ 34.Kb2 N4xd5 35.Rd3 Ne7
36.Qe2 Nc6 37.Rd1  1-0

[Event "Aegean Open"]
[Site "Aghios Kirykos GRE"]
[Date "2008.07.19"]
[Round "8"]
[White "Vlahos,E"]
[Black "Georgiou,A"]
[Result "1-0"]
[WhiteElo "2011"]
[BlackElo "2025"]

1.e4 c5 2.Nf3 d6 3.d4 cxd4 4.Nxd4 Nf6 5.Nc3 a6 6.Be3 e5 7.Nf3 Be6 8.Ng5 Bg4
9.f3 Bd7 10.Bc4 Qc7 11.Bxf7+ Ke7 12.Bb3 h6 13.Nf7 Rh7 14.Nd5+ Nxd5 15.Qxd5 Nc6
16.Nxd6 g5 17.O-O-O Rg7 18.Nf5+ Kf6 19.Nxg7  1-0

[Event "ZMD Open"]
[Site "Dresden GER"]
[Date "2008.07.19"]
[Round "1"]
[White "Osmanodja,F"]
[Black "Kempinski,R"]
[Result "0-1"]
[WhiteElo "1936"]
[BlackElo "2613"]

1.e4 c5 2.Nf3 d6 3.d4 cxd4 4.Nxd4 Nf6 5.Nc3 a6 6.Be3 e5 7.Nf3 Be7 8.Bc4 O-O
9.O-O Nc6 10.Qe2 Na5 11.Nd5 Nxc4 12.Nxe7+ Qxe7 13.Qxc4 Be6 14.Qb4 a5 15.Qa3 Qc7
16.Nd2 d5 17.exd5 Nxd5 18.c4 Nb4 19.Qc3 Rfd8 20.a3 Rd3 21.Qc1 Nc6 22.Qc2 Rad8
23.Nb3 b6 24.Nc1 R3d7 25.Nb3 Ne7 26.Rac1 Bf5 27.Qe2 Bd3 28.Qg4 f5 29.Qf3 Bxf1
30.Kxf1 f4 31.Bd2 a4 32.c5 axb3 33.Qxb3+ Nd5 34.c6 Rd6 35.Qc4 Kh8 36.b4 Ne7  0-1

[Event "XXVI Andorra Open"]
[Site "La Massana AND"]
[Date "2008.07.19"]
[Round "1"]
[White "Ballester Llagaria,L"]
[Black "Edouard,R"]
[Result "0-1"]
[WhiteElo "2040"]
[BlackElo "2508"]

1.e4 c5 2.Nf3 d6 3.d4 cxd4 4.Nxd4 Nf6 5.Nc3 a6 6.Be3 e5 7.Nb3 Be6 8.Qd2 Nbd7
9.O-O-O b5 10.f3 h5 11.Kb1 Rc8 12.Nd5 Bxd5 13.exd5 Nb6 14.Bxb6 Qxb6 15.Bd3 g6
16.Be4 b4 17.Rhe1 Bh6 18.Qd3 O-O 19.g4 Kg7 20.Rg1 hxg4 21.fxg4 Qe3 22.Rde1 Qxd3
23.Bxd3 Bf4 24.Bxa6 Rc7 25.Rd1 Rh8 26.Rg2 Rxh2 27.Rxh2 Bxh2 28.Be2 Bf4 29.Na5 Rc5
30.Nb7 Rxd5 31.Nxd6 Rxd1+ 32.Bxd1 e4 33.Nc4 Kh6 34.c3 bxc3 35.bxc3 Kg5 36.a4 Nxg4
37.a5 Ne3 38.Be2 Nxc4 39.Bxc4 f5 40.Kc2 Be3 41.Kd1 f4 42.Ke2 Ba7 43.Bb5 f3+
44.Kf1 Kf4  0-1

[Event "Ch-AY Boys U16"]
[Site "Tehran IRI"]
[Date "2008.07.19"]
[Round "5"]
[White "Rahimov,R"]
[Black "Nguyen Van Thanh"]
[Result "1/2-1/2"]
[WhiteElo "2218"]
[BlackElo "2194"]

1.e4 c5 2.Nf3 d6 3.d4 cxd4 4.Nxd4 Nf6 5.Nc3 a6 6.Be3 e5 7.Nf3 Qc7 8.a4 b6
9.Be2 Be7 10.O-O O-O 11.Nd2 Bb7 12.Nc4 Nbd7 13.f3 Bc6 14.b4 Rfc8 15.Qd2 Rab8
16.Nd5 Bxd5 17.exd5 b5 18.Na3 Nb6 19.Bxb6 Qxb6+ 20.Kh1 bxa4 21.Rab1 Qd4 22.Qxd4 exd4
23.Bxa6 Rc3 24.Nb5 Rxc2 25.Nxd4 Rc7 26.Nc6 Rb6 27.Bc4 Bf8 28.Ra1 Rxb4 29.Nxb4 Rxc4
30.Rfb1 g6 31.Kg1 Bh6 32.Rxa4 Kg7 33.Ra2 Rd4 34.Ra5 Bd2 35.Rb5 Be3+ 36.Kh1 Rd2
37.Nc6 Nxd5 38.R5b2 Rd3 39.Nb4 Nxb4 40.Rxb4 Rd5 41.Rb7 h5 42.g3 h4 43.gxh4 Bf2
44.R7b4 Rh5 45.Rd1 Bxh4 46.Rbd4 Bg3 47.R1d2 Be5  1/2-1/2

[Event "XIII Open"]
[Site "Balaguer ESP"]
[Date "2008.07.20"]
[Round "7"]
[White "Soumya,Sw"]
[Black "Nadig,K"]
[Result "0-1"]
[WhiteElo "2293"]
[BlackElo "2241"]

1.e4 c5 2.Nf3 d6 3.d4 Nf6 4.Nc3 cxd4 5.Nxd4 a6 6.Be3 Ng4 7.Bg5 h6 8.Bh4 g5
9.Bg3 Bg7 10.h3 Ne5 11.Be2 Nbc6 12.Nf5 Bxf5 13.exf5 Nd4 14.Bg4 Nc4 15.Rb1 O-O
16.O-O h5 17.Bxh5 Nxf5 18.Bh2 e6 19.Qd3 b5 20.Bg4 Ne7 21.a4 Qb6 22.axb5 axb5
23.Ne4 f5 24.Nxg5 Bh6 25.Bh5 e5 26.Qg3 Nd2 27.Ne4+ Kh7 28.Nxd2 Bxd2 29.Qh4 Ng6
30.Bxg6+ Kxg6 31.Rbd1 Rh8 32.Qg3+ Bg5 33.Kh1 Ra4 34.f4 Rxf4 35.Rxf4 exf4
36.Qd3 Rd8 37.Qd5 Qf2 38.Qe6+ Bf6 39.Rd5 Qxc2 40.Bxf4 Qb1+ 41.Kh2 Qe4 42.Qxe4 fxe4
43.b3 Re8 44.Be3 Be5+ 45.Kg1 b4 46.Rb5 Bc3 47.Kf2 Kf7 48.Bb6 Rb8 49.Ke3 d5
50.g4 Ke6 51.h4 Rf8 52.Bc5 Rf3+ 53.Ke2 Rh3 54.Bxb4 Bxb4 55.Rxb4 Rxh4 56.g5 Rg4
57.Ke3 Ke5 58.Rb8 Rg3+ 59.Kf2 Rxg5 60.b4 Kd4 61.b5 e3+ 62.Kf3 Rf5+ 63.Kg3 Re5  0-1

[Event "31st Taminco Open"]
[Site "Ghent BEL"]
[Date "2008.07.20"]
[Round "3"]
[White "Willemsma,A"]
[Black "Van Wessel,R"]
[Result "0-1"]
[WhiteElo "2082"]
[BlackElo "2307"]

1.e4 c5 2.Nf3 d6 3.d4 cxd4 4.Nxd4 Nf6 5.Nc3 a6 6.Be3 e5 7.Nb3 Be6 8.f3 Be7
9.Qd2 O-O 10.O-O-O b5 11.g4 Nbd7 12.h4 b4 13.Nd5 Bxd5 14.exd5 a5 15.h5 Nb6
16.Bxb6 Qxb6 17.g5 a4 18.Na1 Nd7 19.Bd3 f5 20.gxf6 Rxf6 21.Rdg1 Nc5 22.Bc4 Rf4
23.Qe2 Bf6 24.Kb1 a3 25.Nb3 Na4 26.Bb5 axb2 27.Bxa4 Rxa4 28.Rg4 Ra8 29.Kxb2 Qa7
30.Kc1 Qxa2 31.Rxf4 Bg5 32.Kd2 Bxf4+ 33.Ke1 Rc8  0-1

[Event "Politiken Cup"]
[Site "Helsingor DEN"]
[Date "2008.07.20"]
[Round "2"]
[White "Hansen,TR"]
[Black "Gade,J"]
[Result "1-0"]
[WhiteElo "2423"]
[BlackElo "1514"]

1.e4 c5 2.Nf3 d6 3.d4 cxd4 4.Nxd4 Nf6 5.Nc3 a6 6.Be3 e6 7.g4 Nc6 8.g5 Nd7
9.h4 Be7 10.Qd2 Nxd4 11.Qxd4 e5 12.Qd2 Nc5 13.O-O-O Be6 14.Kb1 Qc7 15.Bh3 Bxh3
16.Rxh3 O-O-O 17.Nd5 Nxe4 18.Qb4  1-0

[Event "Politiken Cup"]
[Site "Helsingor DEN"]
[Date "2008.07.20"]
[Round "3"]
[White "Hillarp Persson,T"]
[Black "Molvig,H"]
[Result "1-0"]
[WhiteElo "2526"]
[BlackElo "2204"]

1.e4 c5 2.Nf3 d6 3.d4 cxd4 4.Nxd4 Nf6 5.Nc3 a6 6.Be3 e5 7.Nb3 Be6 8.Qd2 Nbd7
9.f4 Rc8 10.O-O-O Be7 11.Kb1 b5 12.f5 Bc4 13.g4 Nxg4 14.Rg1 Nxe3 15.Qxe3 Qb6
16.Qxb6 Nxb6 17.Rxg7 Bxf1 18.Rxf1 Bf6 19.Rg3 b4 20.Nd1 Rc4 21.Rd3 Ke7 22.Nd2 Rc5
23.c4 Bg5 24.Nf3 Bf4 25.b3 Nd7 26.Nf2 Nf6 27.Rdd1 Be3 28.Nd3 Nxe4 29.Rde1 Nd2+
30.Nxd2 Bxd2 31.Nxc5 Bxe1 32.f6+ Kd8 33.Ne4 Bc3 34.Nxd6 Rf8 35.Rd1 Kc7 36.Rd5 Kc6
37.Kc2 Bd4 38.Ne4 h6 39.Rd6+ Kb7 40.Kd3 Bb6 41.Rd5 Rd8 42.Rxd8 Bxd8 43.Nd6+ Kc6
44.Nxf7 Bxf6 45.Nxh6 Kd6 46.Ke4 Ke6 47.Ng4  1-0

[Event "19th Czech Chladek & Tintera A Open"]
[Site "Pardubice CZE"]
[Date "2008.07.20"]
[Round "3"]
[White "Klovans,J"]
[Black "Maslak,K"]
[Result "1-0"]
[WhiteElo "2428"]
[BlackElo "2521"]

1.e4 c5 2.Nf3 d6 3.d4 cxd4 4.Nxd4 Nf6 5.Nc3 a6 6.Be3 e5 7.Nb3 Be7 8.f3 Be6
9.Qd2 O-O 10.O-O-O Nbd7 11.g4 b5 12.g5 b4 13.Ne2 Ne8 14.Kb1 a5 15.f4 a4 16.Nbc1 exf4
17.Nxf4 Qa5 18.Nxe6 fxe6 19.Nd3 Rb8 20.a3 Qa8 21.Nxb4 Ne5 22.Bd3 Nc7 23.Rhf1 Nf3
24.Qg2 Ne5 25.Rxf8+ Rxf8 26.Rf1 Nxd3 27.cxd3 Rxf1+ 28.Qxf1 d5 29.Qc1 Bxb4
30.Qxc7 Qa6 31.Qc2 Bd6 32.exd5 exd5 33.h4 g6 34.Bd4 Qb5 35.Ka1 Qd7 36.Qe2 Bc7
37.Ka2 Bd6 38.Bf6 Kf7 39.Qf2 Qb5 40.Qc2 Bg3 41.b3 axb3+ 42.Qxb3 Qxb3+ 43.Kxb3 Bxh4
44.a4 Ke6 45.Kb4 h5 46.a5 Be1+ 47.Kb5 Bxa5 48.Kxa5 h4 49.d4 h3 50.Be5 Kf5
51.Kb5 Kxg5 52.Kc5 Kg4 53.Kxd5 Kf3 54.Ke6 g5 55.d5 g4 56.d6 g3 57.d7 g2 58.Bh2 g1=Q
59.Bxg1 Kg2 60.d8=Q  1-0

[Event "Ch-AY Boys U18"]
[Site "Tehran IRI"]
[Date "2008.07.20"]
[Round "6"]
[White "Tologontegin,S"]
[Black "Golizadeh,A"]
[Result "1-0"]
[WhiteElo "2374"]
[BlackElo "2271"]

1.e4 c5 2.Nf3 d6 3.d4 cxd4 4.Nxd4 Nf6 5.Nc3 a6 6.Be3 e5 7.Nf3 Qc7 8.a4 h6
9.a5 Be6 10.Be2 Nbd7 11.h3 Be7 12.O-O Qc6 13.Nd2 d5 14.exd5 Nxd5 15.Nxd5 Bxd5
16.Bf3 Nf6 17.c4 Bxf3 18.Nxf3 e4 19.Nd4 Qd7 20.Qc2 O-O 21.Rfd1 Rac8 22.b3 Bd6
23.Qe2 Rfe8 24.Nf5 Qxf5 25.Rxd6 Nd7 26.Rad1 Ne5 27.R1d5 Re6 28.Rxe6 fxe6
29.Rd4 Rf8 30.Bd2 Qg6 31.Kf1 Nd3 32.Be3 Qf5 33.Kg1 e5 34.Rd5 Nb4 35.Rd1 Nc6
36.Qd2 Rf7 37.b4 Ne7 38.b5 axb5 39.cxb5 Ng6 40.a6 b6 41.Rb1 Nh4 42.Qd8+  1-0

[Event "Ch-AY Boys U16"]
[Site "Tehran IRI"]
[Date "2008.07.20"]
[Round "7"]
[White "Nguyen Van Thanh"]
[Black "Kottahachchy,K"]
[Result "1-0"]
[WhiteElo "2194"]
[BlackElo "1967"]

1.e4 c5 2.Nf3 d6 3.d4 cxd4 4.Nxd4 Nf6 5.Nc3 a6 6.Be3 e5 7.Nf3 h6 8.Bc4 Be7
9.O-O Be6 10.Bxe6 fxe6 11.Nh4 Kf7 12.f4 exf4 13.Rxf4 Rf8 14.Qg4 Nc6 15.Ng6 Re8
16.Raf1 Qa5 17.Nxe7 Nxe7 18.Qd1 Rad8 19.R4f2 Kg6 20.Qd3 e5 21.Bd2 Qc5 22.Qg3+ Kh7
23.Be3 Qc4 24.Rxf6 gxf6 25.Rxf6 Ng8 26.Qg6+ Kh8 27.Rf7 Qxf7 28.Qxf7 Re7 29.Qh5 Rf8
30.Nd5 Ref7 31.h3 Kh7 32.c4 Rf1+ 33.Kh2 Re1 34.Qg4 Rf7 35.Qe6 Rg7 36.Qf5+ Kh8
37.Qf2 Ra1 38.b4 Rg6 39.c5 dxc5 40.bxc5 Kg7 41.Bd4  1-0

[Event "Ch-AY Boys U16"]
[Site "Tehran IRI"]
[Date "2008.07.20"]
[Round "7"]
[White "Rahimov,R"]
[Black "Dalir,A"]
[Result "1-0"]
[WhiteElo "2218"]
[BlackElo "2089"]

1.e4 c5 2.Nf3 d6 3.d4 cxd4 4.Nxd4 Nf6 5.Nc3 a6 6.Be3 e6 7.f3 b5 8.g4 h6 9.Qd2 Nbd7
10.O-O-O Bb7 11.h4 b4 12.Na4 Qa5 13.b3 Nc5 14.a3 Rc8 15.Qxb4 Qc7 16.Kb1 d5
17.Nxc5 Bxc5 18.Qa4+ Kf8 19.Bd3 dxe4 20.fxe4 Nxg4 21.Rhf1 Kg8 22.Bg1 Kh7
23.e5+ Kg8 24.Nxe6 fxe6 25.Qxg4 Re8 26.Bg6 h5 27.Qc4  1-0

[Event "Ch-AY Boys U16"]
[Site "Tehran IRI"]
[Date "2008.07.20"]
[Round "8"]
[White "Nitin,S"]
[Black "Adhiban,B"]
[Result "0-1"]
[WhiteElo "2303"]
[BlackElo "2422"]

1.e4 c5 2.Nf3 d6 3.d4 cxd4 4.Nxd4 Nf6 5.Nc3 a6 6.Be3 Ng4 7.Bc1 Nf6 8.Be3 e5
9.Nb3 Be7 10.f3 Be6 11.Qd2 O-O 12.O-O-O Nbd7 13.g4 b5 14.g5 b4 15.Ne2 Ne8
16.Ng3 a5 17.Kb1 a4 18.Nc1 Nc7 19.Nf5 d5 20.exd5 Nxd5 21.Bc4 Nc3+ 22.bxc3 Bxf5
23.cxb4 Qc7 24.Qc3 Rfc8  0-1

[Event "Politiken Cup"]
[Site "Helsingor DEN"]
[Date "2008.07.21"]
[Round "4"]
[White "Wimo,J"]
[Black "Gade,J"]
[Result "1-0"]
[WhiteElo "1809"]
[BlackElo "1514"]

1.e4 c5 2.Nf3 d6 3.d4 cxd4 4.Nxd4 Nf6 5.Nc3 a6 6.Be3 e6 7.f3 Be7 8.Qd2 e5
9.Nb3 Be6 10.O-O-O Bxb3 11.cxb3 Nc6 12.Kb1 O-O 13.g4 Kh8 14.g5 Ng8 15.h4 g6
16.Qh2 Kg7 17.h5 Bxg5 18.hxg6 h6 19.Bxg5 Qxg5 20.Rg1 Qf6 21.gxf7+ Kxf7 22.Qh5+ Ke6
23.Rg6  1-0

[Event "XXVI Andorra Open"]
[Site "La Massana AND"]
[Date "2008.07.21"]
[Round "3"]
[White "Perez Candelario,Man"]
[Black "Burg,T"]
[Result "1-0"]
[WhiteElo "2537"]
[BlackElo "2359"]

1.e4 c5 2.Nf3 d6 3.d4 cxd4 4.Nxd4 Nf6 5.Nc3 a6 6.Be3 e5 7.Nb3 Be7 8.Qd2 O-O
9.O-O-O Be6 10.f4 Nbd7 11.f5 Bxb3 12.axb3 b5 13.Kb1 Nc5 14.Bxc5 dxc5 15.Qe2 Qc8
16.g4 g6 17.g5 Nh5 18.Nd5 Ra7 19.Qf3 Bxg5 20.Rg1 Nf4 21.Rxg5 Nxd5 22.Rxd5 c4
23.Bh3 f6 24.Rg1 g5 25.Rgd1 Kh8 26.Bf1 Rc7 27.bxc4 bxc4 28.Qa3 Re8 29.Rd6 c3
30.Qxa6 Qb8 31.Rb6 Qa7 32.Qxa7 Rxa7 33.bxc3 Rea8 34.Kc1 Ra1+ 35.Rb1  1-0

[Event "ZMD Open"]
[Site "Dresden GER"]
[Date "2008.07.22"]
[Round "4"]
[White "Hirneise,J"]
[Black "Bobras,P"]
[Result "1/2-1/2"]
[WhiteElo "2251"]
[BlackElo "2561"]

1.e4 c5 2.Nf3 d6 3.d4 cxd4 4.Nxd4 Nf6 5.Nc3 a6 6.Be3 e5 7.Nb3 Be7 8.f3 Be6
9.Qd2 O-O 10.O-O-O Nbd7 11.g4 b5 12.g5 b4 13.Ne2 Ne8 14.f4 a5 15.f5 Bxb3
16.cxb3 a4 17.bxa4 Rxa4 18.Kb1 Rxa2 19.Kxa2 Qa8+ 20.Kb1 Qxe4+ 21.Qd3 Qxh1
22.f6 Bd8 23.Bh3 Qc6 24.Bf5 g6 25.Be4 Qa4 26.b3 Qa5 27.h4 Bb6 28.h5 Bxe3
29.hxg6 Bxg5 30.g7 Ndxf6 31.Bc6 h6 32.Ng3 d5 33.Qf5 Qc7 34.Qc2 e4 35.Nf5 Qe5
36.Qc5 Kh7 37.Ne7 Nc7 38.Ka2 Nd7 39.Kb1  1/2-1/2

[Event "Sun Pawn B"]
[Site "Illichevsk UKR"]
[Date "2008.07.22"]
[Round "3"]
[White "Bogdanovich,S"]
[Black "Belosvetov,N"]
[Result "1-0"]
[WhiteElo "2299"]
[BlackElo "2273"]

1.e4 c5 2.Nf3 d6 3.d4 cxd4 4.Nxd4 Nf6 5.Nc3 a6 6.Be3 e5 7.Nb3 Be6 8.Be2 Be7
9.O-O O-O 10.f4 exf4 11.Rxf4 Nc6 12.Nd4 Ne5 13.Qd2 Nfd7 14.Rd1 g6 15.Rf2 Qc7
16.Kh1 Nb6 17.Nf5 Nbc4 18.Bxc4 Nxc4 19.Qd4 gxf5 20.exf5 Ne5 21.Bh6 Rfe8 22.fxe6 fxe6
23.Rd3 Bf8 24.Rg3+ Kh8 25.Qh4 Bxh6 26.Qxh6 Qe7 27.Ne4 Rg8 28.Rxg8+ Rxg8 29.Qf6+ Qxf6
30.Rxf6 Rc8 31.c3 d5 32.Nd6 Rc6 33.Rxe6 Nd3 34.Re8+ Kg7 35.Nf5+ Kg6 36.Re3 Kxf5
37.Rxd3 Ke5 38.Kg1 b5 39.Rd4 a5 40.a3 Rf6 41.g3 Kd6 42.Kg2 Re6 43.Kf2 Kc5
44.h4 Re7 45.Rf4 Re6 46.g4 h6 47.g5 hxg5 48.hxg5 Rg6 49.b4+ axb4 50.axb4+ Kd6
51.Rf6+ Rxf6+ 52.gxf6 Ke6 53.Ke3 Kxf6 54.Kd4 Ke6 55.Kc5 Ke5 56.Kxb5  1-0